| 000 | 00696nam a22002297a 4500 | ||
|---|---|---|---|
| 999 |
_c5338 _d5338 |
||
| 003 | AR-CdUCM | ||
| 008 | 190312b ||||| |||| 00| 0 spa d | ||
| 020 | _a84-499-61106 | ||
| 040 |
_aMUNICIPALIDAD PROVINCIAL DEL CUSCO _cBIBLIOTECA MUNICIPAL DEL CUSCO |
||
| 082 |
_22ed. _a461.4 / _bF89 |
||
| 100 |
_aFuentes, Juen Luis _916118 |
||
| 245 | _aOrtografía Práctica / | ||
| 260 |
_aBogota : _bGrupo editorial Norma Educativa, _c1986. |
||
| 300 |
_a215 paginas ; _c24cm. |
||
| 500 | _aGrupo editorial norma educativa | ||
| 650 |
_aOrtografia _92067 |
||
| 650 |
_aAcentos y acentuacion _916119 |
||
| 650 |
_aEspaña _9176 |
||
| 650 |
_aOrtografia _92067 |
||
| 942 |
_2ddc _cLIBROS |
||
| 945 | _apjha | ||